| 000 | 00546nam a2200241Ia 4500 | ||
|---|---|---|---|
| 008 | 210210b2005 xxu||||| |||| 00| 0 eng d | ||
| 041 | _aeng | ||
| 082 | _a491.468 NAIT | ||
| 100 | _aNAIK (Pratap) | ||
| 245 |
_aT S K K Romi lipi _bKo~knni baro~vchi rit |
||
| 260 |
_aGoa _bThomas Stephens Konkanni Kendr., _c2005 |
||
| 300 | _a52 | ||
| 650 | _aT | ||
| 650 | _aS | ||
| 650 | _aRomi | ||
| 650 | _arit | ||
| 650 | _alipi | ||
| 650 | _aKo~knni | ||
| 650 | _aK | ||
| 650 | _abaro~vchi | ||
| 690 | _aKonkani Language | ||
| 906 | _a064062 | ||
| 999 |
_c139335 _d139335 |
||